000 004850000a22001810004500
090 _aAR
_b02661
245 1 0 _aCensus methodology for cracid populations
650 1 4 _aCensos
_993673
650 1 4 _aDemografía
_94447
650 1 4 _aAves
_992429
651 4 _pVenezuela
_992749
653 _fCracidae
041 0 _aInglés
700 1 _aSilva, José L.
_994252
100 1 _aStrahl, Stuart D.
_99481
942 _cARTICULO
773 1 _tWildlife Conservation International
_378
_q1-16
_d1998
999 _c11724
_d11724